Statistics for listen before i go Lyrics

Click here to take the quiz!

General Stats

  • This quiz has been taken 46 times
  • The average score is 148 of 167

Answer Stats

HintAnswer% Correct
be
97%
I
97%
so
97%
tell
97%
the
97%
to
97%
when
97%
you
97%
blue
95%
breathing
95%
do
95%
don't
95%
Pre ChorusIf
95%
leave
95%
like
95%
love
95%
me
95%
no
95%
rooftop
95%
see
95%
stop
95%
Verse 1Take
95%
turnin'
95%
wanna
95%
world
95%
endless
92%
i'm
92%
is
92%
ChorusSorry
92%
(sorry)
92%
sorry
92%
a
89%
and
89%
better
89%
but
89%
'cause
89%
down
89%
feel
89%
hurry
89%
know
89%
leavin'
89%
my
89%
need
89%
not
89%
soon
89%
there's
89%
way
89%
can't
87%
cheek
87%
friends
87%
i'll
87%
miss
87%
now
87%
okay
87%
on
87%
save
87%
that
87%
them
87%
OutroCall
84%
call
84%
how
84%
out
84%
salty
84%
tears
84%
does
82%
Verse 2Taste
82%
matters
79%
what
79%
all
76%
deja
76%
long
76%
that's
76%
vu
76%
year
76%
headache
74%
say
74%
(hmm)
39%
hmm
39%
pretencious
39%
shattered
24%
(like you do)
5%

Score Distribution

Percentile by Number Answered

Percent of People with Each Score

Your Score History

You have not taken this quiz